{"text_format":"3","workbook":"xls","n_sheets":1,"sheets":["19年春资料"],"not_rendered":{"external_links":1},"read":"whole","date_system":"1900","formulas":"cached_only"}

{"sheet":"19年春资料","index":0,"n_rows":25,"n_cols":9,"rows_kept":25,"merged":[[0,0,0,8],[2,0,2,1],[2,2,2,5],[24,0,24,3]],"flags":["formulas_cached_only"]}
["四川财经职业学院实训物资采购清单"]
[]
["申请部门：实训中心"]
[]
["序号","实训材料名称","单位","用途","数量","参考单价（元）","金额合（元）","是否列入\n年初预算","备注"]
[1,"通用记账凭证","本","实训用",2200,1.8,3960,"是"]
[2,"原始凭证粘贴单","本","实训用",400,1.8,720,"是"]
[3,"总账账页","本","实训用",460,7,3220,"是"]
[4,"银行存款日记账账页","本","实训用",20,7,140,"是"]
[5,"数量金额式明细账账页（三借）","本","实训用",120,7,840,"是"]
[6,"生产成本明细账账页","本","实训用",20,7,140,"是"]
[7,"多栏式明细账账页（7栏）","本","实训用",80,7,560,"是"]
[8,"多栏式明细账账页（15栏）千万元位","本","实训用",25,7,175,"是"]
[9,"三栏式明细账账页（一二级）","本","实训用",600,7,4200,"是"]
[10,"应交增值税明细账账页","本","实训用",40,7,280,"是"]
[11,"固定资料明细分类账账页","本","实训用",40,7,280,"是"]
[12,"科目汇总表（50页/本）","本","实训用",220,7,1540,"是"]
[13,"科目汇总表（30页/本）亿元位","本","实训用",40,3,120,"是"]
[14,"物资采购明细账账页（50页/本）","本","实训用",40,4,160,"是"]
[15,"实训方案（50页/本）","本","实训用",20,4,80,"是"]
[16,"记账凭证封面","张","实训用",3000,0.2,600,"是"]
[17,"记账凭证包角","张","实训用",500,0.2,100,"是"]
[18,"铁皮夹","个","实训用",150,1,150,"是"]
[19,"回形针","盒","实训用",20,1.2,24,"是"]
["合计",{"$nulls":5},17289]